000 00773cam a2200265 a 4500
999 _c4918
_d4918
001 4918
003 BD-JhCC
005 20171205170251.0
008 840130s1984 maua 001 0 eng
020 _a0871507005
035 _a(BD-JhCC)
040 _aDLC
_cDLC
_dDLC
041 _aeng
050 0 0 _aQA184
_b.B76 1984
082 0 0 _a512/.5
_219
_bBRO 1984
100 1 _aBrown, John W.
_q(John Wesley),
_d1933-
245 1 0 _aIntroductory linear algebra with applications /
_cJohn W. Brown, Donald R. Sherbert.
260 _aBoston, Mass. :
_bPrindle, Weber & Schmidt,
_cc1984.
300 _axi, 387, 49 p. :
_bill. ;
_c25 cm.
500 _aIncludes index.
650 0 _aAlgebras, Linear.
700 1 _aSherbert, Donald R.,
_d1935-
942 _2ddc
_cBK